000
00312nam a2200133Ia 4500
005
20251222143202.0
008
251222s9999||||xx |||||||||||||| ||spa||
020
_a
84-8088-844-X
082
_a
370.4/C25
100
_a
Canals, Agustí
245
0
_a
Gestión del Conocimiento
264
_b
Gestión
942
_c
LIB
999
_c
13113
_d
13113